01223nam a2200325Ia 4500001001200000003000800012006001900020007001500039008004100054010001700095020002900112020001800141040002100159035002100180050002200201082001700223100001900240245012800259260008100387300001700468500002000485533015200505650001600657650001100673650002400684655002900708710001700737856012600754999001700880ebr10722523CaPaEBRm o u cr cn|||||||||130517s2013 enk s 001 0 eng d z 2013019320 z9781118510889 (hardback) z9781118510896 aCaPaEBRcCaPaEBR a(OCoLC)87634258314aHD31b.K25 2013eb04a658.4/012231 aKaiser, Kevin.14aThe blue line imperativeh[electronic resource] :bwhat managing for value really means /cKevin Kaiser and S. David Young. aChichester, West Sussex, United Kingdom :bJohn Wiley and Sons, Inc,c[2013] axiii, 306 p. aIncludes index. aElectronic reproduction.bPalo Alto, Calif. :cebrary,d2013.nAvailable via World Wide Web.nAccess may be limited to ebrary affiliated libraries. 0aManagement. 0aValue. 0aStrategic planning. 7aElectronic books.2local2 aebrary, Inc.40uhttp://site.ebrary.com/lib/rucke/Doc?id=10722523zAn electronic book accessible through the World Wide Web; click to view c39396d39396